<?xml version="1.0" encoding="UTF-8"?>
<record
    xmlns:xsi="http://www.w3.org/2001/XMLSchema-instance"
    xsi:schemaLocation="http://www.loc.gov/MARC21/slim http://www.loc.gov/standards/marcxml/schema/MARC21slim.xsd"
    xmlns="http://www.loc.gov/MARC21/slim">

  <leader>00418nam a22001697a 4500</leader>
  <controlfield tag="005">20240902110549.0</controlfield>
  <controlfield tag="008">240830b        |||||||| |||| 00| 0 eng d</controlfield>
  <datafield tag="020" ind1=" " ind2=" ">
    <subfield code="a">2017118033773</subfield>
  </datafield>
  <datafield tag="041" ind1=" " ind2=" ">
    <subfield code="a">eng</subfield>
  </datafield>
  <datafield tag="082" ind1=" " ind2=" ">
    <subfield code="a">340 BAR</subfield>
  </datafield>
  <datafield tag="100" ind1=" " ind2=" ">
    <subfield code="a">BARE ACT</subfield>
  </datafield>
  <datafield tag="245" ind1=" " ind2=" ">
    <subfield code="a">THE BHARATIYA NYAYA SANHITA, 2023 [45 OF 2023]</subfield>
  </datafield>
  <datafield tag="260" ind1=" " ind2=" ">
    <subfield code="a">DELHI</subfield>
    <subfield code="b">PROFESSIONAL BOOK PUBLISHERSS </subfield>
    <subfield code="c">2024</subfield>
  </datafield>
  <datafield tag="300" ind1=" " ind2=" ">
    <subfield code="a">224;P</subfield>
  </datafield>
  <datafield tag="650" ind1=" " ind2=" ">
    <subfield code="a">LAW</subfield>
  </datafield>
  <datafield tag="942" ind1=" " ind2=" ">
    <subfield code="c">BK</subfield>
  </datafield>
  <datafield tag="999" ind1=" " ind2=" ">
    <subfield code="c">8590</subfield>
    <subfield code="d">8588</subfield>
  </datafield>
  <datafield tag="952" ind1=" " ind2=" ">
    <subfield code="0">0</subfield>
    <subfield code="1">0</subfield>
    <subfield code="4">0</subfield>
    <subfield code="7">0</subfield>
    <subfield code="8">REF</subfield>
    <subfield code="a">JRU</subfield>
    <subfield code="b">JRU</subfield>
    <subfield code="c">SHELF-72-D</subfield>
    <subfield code="d">2024-08-30</subfield>
    <subfield code="e">PURCHASE</subfield>
    <subfield code="g">270.00</subfield>
    <subfield code="h">NEW ARRIVALS SHELF</subfield>
    <subfield code="l">0</subfield>
    <subfield code="o">340</subfield>
    <subfield code="p">28322</subfield>
    <subfield code="r">2024-08-30 16:21:30</subfield>
    <subfield code="w">2024-08-30</subfield>
    <subfield code="y">BK</subfield>
  </datafield>
  <datafield tag="952" ind1=" " ind2=" ">
    <subfield code="0">0</subfield>
    <subfield code="1">0</subfield>
    <subfield code="4">0</subfield>
    <subfield code="7">0</subfield>
    <subfield code="8">LAW</subfield>
    <subfield code="a">JRU</subfield>
    <subfield code="b">JRU</subfield>
    <subfield code="c">SHELF- 66 C</subfield>
    <subfield code="d">2024-08-30</subfield>
    <subfield code="e">PURCHASE</subfield>
    <subfield code="g">270.00</subfield>
    <subfield code="l">2</subfield>
    <subfield code="o">340</subfield>
    <subfield code="p">28323</subfield>
    <subfield code="r">2025-05-19 09:27:32</subfield>
    <subfield code="s">2024-09-18</subfield>
    <subfield code="w">2024-08-30</subfield>
    <subfield code="y">BK</subfield>
  </datafield>
  <datafield tag="952" ind1=" " ind2=" ">
    <subfield code="0">0</subfield>
    <subfield code="1">0</subfield>
    <subfield code="4">0</subfield>
    <subfield code="7">0</subfield>
    <subfield code="8">LAW</subfield>
    <subfield code="a">JRU</subfield>
    <subfield code="b">JRU</subfield>
    <subfield code="c">SHELF- 66 C</subfield>
    <subfield code="d">2024-08-30</subfield>
    <subfield code="e">PURCHASE</subfield>
    <subfield code="g">270.00</subfield>
    <subfield code="l">8</subfield>
    <subfield code="o">340</subfield>
    <subfield code="p">28324</subfield>
    <subfield code="q">2026-08-10</subfield>
    <subfield code="r">2026-05-12 15:28:25</subfield>
    <subfield code="s">2026-05-12</subfield>
    <subfield code="w">2024-08-30</subfield>
    <subfield code="y">BK</subfield>
  </datafield>
</record>
